Logo CIB grande

ACCESO EQUITATIVO A LOS SERVICIOS BASICOS DE SALUD: HACIA UNA AGENDA REGIONAL PARA LA REFORMA DEL SECTOR SALUD (Registro nro. 222415)

Detalles MARC
000 -LEADER
campo de control de longitud fija 00722nam a2200229Ia 4500
005 - FECHA Y HORA DE LA ÚLTIMA TRANSACCIÓN
campo de control 20250425162114.0
008 - DATOS DE LONGITUD FIJA--INFORMACIÓN GENERAL
campo de control de longitud fija 250425s9999 xx 000 0 und d
041 ## - CÓDIGO DE IDIOMA
Código de lengua del texto/banda sonora o título independiente spa
082 ## - NÚMERO DE LA CLASIFICACIÓN DECIMAL DEWEY
Número de clasificación 614
010 ## - NÚMERO DE CONTROL DE LA BIBLIOTECA DEL CONGRESO
Número de control de LC 50447
100 ## - ENTRADA PRINCIPAL--NOMBRE DE PERSONA
Nombre de persona RODRIGUEZ, JORGE ED
245 #0 - MENCIÓN DEL TÍTULO
Título ACCESO EQUITATIVO A LOS SERVICIOS BASICOS DE SALUD: HACIA UNA AGENDA REGIONAL PARA LA REFORMA DEL SECTOR SALUD
250 ## - MENCION DE EDICION
Mención de edición 1A ED.
260 ## - PUBLICACIÓN, DISTRIBUCIÓN, ETC.
Lugar de publicación, distribución, etc. Estados Unidos
Nombre del editor, distribuidor, etc. S.E.
Fecha de publicación, distribución, etc. 1995
260 ## - PUBLICACIÓN, DISTRIBUCIÓN, ETC.
Lugar de publicación, distribución, etc. WASHINGTON
300 ## - DESCRIPCIÓN FÍSICA
Extensión 9
500 ## - NOTA GENERAL
Nota general LIBRO FOTOCOPIA. REUNION ESPECIAL SOBRE REFORMA DEL SECTOR DE SALUD. SEPTIEMBRE 29-30, 1995
650 ## - PUNTO DE ACCESO ADICIONAL DE MATERIA--TÉRMINO DE MATERIA
Término de materia o nombre geográfico como elemento de entrada REFORMA DE SALUD
650 ## - PUNTO DE ACCESO ADICIONAL DE MATERIA--TÉRMINO DE MATERIA
Término de materia o nombre geográfico como elemento de entrada SERVICIOS DE SALUD
710 ## - ENTRADA AGREGADA--NOMBRE DE ENTIDAD CORPORATIVA
Nombre de entidad corporativa o nombre de jurisdicción como elemento de entrada ORGANIZACION DE LAS NACIONES UNIDAS
942 ## - ELEMENTOS DE ENTRADA SECUNDARIOS (KOHA)
Tipo de ítem Koha Libros
Existencias
Estatus retirado Estado de pérdida Estado de daño No para préstamo Biblioteca de origen Biblioteca actual Ubicación en estantería Fecha de adquisición Coste, precio normal de compra Total de préstamos Código de barras Copia número Nota pública
        ESCUELA DE NEGOCIOS ESCUELA DE NEGOCIOS   29/06/2003 10.00   D-P 07046 2 DONADO

Copyright 2025 ESPOL. Todos los derechos reservados.